000 00733nam a2200217Ii 4500
003 JO-AjNU
008 230605s9999||||xx |||||||||||||| ||und||
017 _a1992/1883
020 _a977-01-2965-8
040 _aJO-AjNU
_bara
_erda
_cJO-AjNU
041 _aara
050 1 4 _aPJ6696.Z5.S722 1992
100 3 _aحفني، عبد الحليم,
_eauthor
_940149
245 0 0 _aالتصوير الساخر في القرآن الكريم
264 3 1 _aالقاهرة: الهيئة المصرية العامة للكتاب، 1992
300 _a241ص
336 _atext
_btxt
_2rdacontent
337 _aunmediated
_bn
_2rdamedia
338 _avolume
_bnc
_2rdacarrier
650 4 _aالقرآن الكريم - تصوير ساخر
_940150
999 _aA17014
_c20582
_d20582